| 000 | 00928nam a22002177a 4500 | ||
|---|---|---|---|
| 001 | BD-DhSAU 9831 | ||
| 003 | BD-DhSAU | ||
| 005 | 20150625091019.0 | ||
| 008 | 150625b1987 bg ||||r|||| 000 0 ben d | ||
| 040 | _aBD-DhSAU | ||
| 082 |
_222 _a--- _bমামুউ |
||
| 100 | _aমামুন, মুনতাসীর | ||
| 245 |
_aউনিশ শতকে বাংলাদেশের সংবাদ-সাময়িকপত্র ২য় খন্ড : _b(১৮৪৭-১৯০৫) ১ম ও ২য় পর্ব / _cমুনতাসীর মামুন |
||
| 260 |
_aঢাকা : _bবাংলা একাডেমী, _c১৯৮৭. |
||
| 300 |
_ax, ৪০৬ প. : _c২২ সেমি |
||
| 440 | _n২য় খন্ড | ||
| 504 | _aনির্ঘণ্ট | ||
| 590 | _ajoy | ||
| 650 |
_aসংবাদপত্র _y১৮৪৭-১৯০৫ _zবাংলাদেশ |
||
| 942 |
_2ddc _cBOOK |
||
| 999 |
_c9831 _d9830 |
||